[Event "RA March op"]
[Site "Ottawa CAN"]
[Date "2024.03.02"]
[Round "3.2"]
[White "Chiku-Ratte, Olivier-Kenta"]
[Black "Adam, Rafael"]
[Result "0-1"]
[WhiteElo "2454"]
[BlackElo "2286"]
[PlyCount "49"]
[EventDate "2024.03.01"]
[EventType "swiss"]
[EventRounds "5"]
[EventCountry "CAN"]

1. c4 Nf6 2. Nc3 c5 3. g3 e6 4. Nf3 b6 5. Bg2 Bb7 6. O-O Be7 7. d4 cxd4 8. Qxd4
d6 9. Rd1 a6 10. e4 Nbd7 11. Qe3 Qc7 12. b3 O-O 13. Bb2 Rac8 14. h3 Rfe8 15.
Rac1 Qb8 16. Nd4 Bf8 17. Qd2 Qa8 18. Re1 Nc5 19. Qe2 d5 20. cxd5 exd5 21. e5
Nfe4 22. Nb1 Nd7 23. f4 Rc7 24. Rc2 Rxc2 25. Rc1 0-1

[Event "RA March op"]
[Site "Ottawa CAN"]
[Date "2024.03.03"]
[Round "5.3"]
[White "Masse, Hugues"]
[Black "Chiku-Ratte, Olivier-Kenta"]
[Result "0-1"]
[WhiteElo "2242"]
[BlackElo "2454"]
[PlyCount "102"]
[EventDate "2024.03.01"]
[EventType "swiss"]
[EventRounds "5"]
[EventCountry "CAN"]

1. d4 c5 2. d5 g6 3. e4 d6 4. c4 Bg7 5. Bd3 Nf6 6. h3 O-O 7. Nf3 b5 8. cxb5 a6
9. bxa6 Nxa6 10. Nc3 Nb4 11. Bc4 Nd7 12. O-O Ne5 13. Nxe5 Bxe5 14. Bh6 Re8 15.
Qd2 Ba6 16. Bxa6 Nxa6 17. Bf4 Bh8 18. Rfe1 Qc7 19. Nb5 Qb8 20. a4 c4 21. Be3
Rc8 22. Rec1 Nc5 23. Bxc5 Rxc5 24. Qe2 Bf6 25. Ra3 Qc8 26. Raa1 h5 27. Ra3 Kg7
28. Raa1 Ra6 29. Ra3 Be5 30. Nc3 Qc7 31. Nd1 Rb6 32. Nc3 Rb3 33. Ra2 Qa5 34.
Nd1 Qb4 35. Ne3 c3 36. bxc3 Rbxc3 37. Rxc3 Rxc3 38. Nf1 Rc4 39. Nd2 Rc1+ 40.
Nf1 Qb1 41. Ra3 Re1 42. Qd3 Rxf1+ 43. Qxf1 Bh2+ 44. Kxh2 Qxf1 45. f3 Qc1 46.
Ra2 Qb1 47. Ra3 Qb2 48. Rd3 Qb4 49. a5 Qxa5 50. Re3 Qd2 51. Rb3 f5 0-1

[Event "Hart House Reading Week Crown"]
[Site "Toronto CAN"]
[Date "2024.02.19"]
[Round "5.3"]
[White "Chiku-Ratte, Olivier-Kenta"]
[Black "Joseph Benher, Savio"]
[Result "1-0"]
[WhiteElo "2335"]
[BlackElo "2018"]
[PlyCount "97"]
[EventDate "2024.02.17"]
[EventType "swiss"]
[EventRounds "6"]
[EventCountry "CAN"]

1. d4 Nf6 2. c4 e6 3. Nc3 Bb4 4. f3 c5 5. d5 O-O 6. e4 exd5 7. cxd5 d6 8. Nge2
Nbd7 9. Ng3 Re8 10. Be2 Ne5 11. O-O Bd7 12. f4 Ng6 13. f5 Nf8 14. Bf3 c4 15.
Kh1 h6 16. Be3 Rc8 17. Rc1 Bc5 18. Bf4 b5 19. Nce2 N8h7 20. Nd4 Ng5 21. Bxg5
hxg5 22. Ne6 Qa5 23. Nh5 fxe6 24. fxe6 Bxe6 25. dxe6 Qd8 26. Nxf6+ gxf6 27. Bh5
Rxe6 28. Qd5 Qe7 29. Bg4 Re8 30. e5 fxe5 31. Rf3 Kg7 32. Rcf1 e4 33. Rf5 Kg6
34. Rf7 Qxf7 35. Bh5+ Kxh5 36. Rxf7 R8e7 37. Qf5 Rxf7 38. Qxf7+ Rg6 39. Qh7+
Rh6 40. g4+ Kxg4 41. Qxh6 Kf3 42. Qxg5 Ke2 43. Qd5 Ke3 44. Kg2 Bd4 45. Qxb5 Kd3
46. b3 d5 47. Qxd5 c3 48. Qc4+ Ke3 49. Kf1 1-0

[Event "Hart House Reading Week Crown"]
[Site "Toronto CAN"]
[Date "2024.03.24"]
[Round "6.1"]
[White "Noritsyn, Nikolay"]
[Black "Chiku-Ratte, Olivier-Kenta"]
[Result "1-0"]
[WhiteElo "2448"]
[BlackElo "2335"]
[PlyCount "73"]
[EventDate "2024.02.17"]
[EventType "swiss"]
[EventRounds "6"]
[EventCountry "CAN"]

1. e4 e5 2. Nf3 Nc6 3. Bb5 g6 4. O-O Bg7 5. c3 a6 6. Ba4 Nge7 7. d4 exd4 8.
cxd4 b5 9. Bc2 d6 10. d5 Na5 11. Bd2 c5 12. Bc3 O-O 13. Bxg7 Kxg7 14. h3 Nc4
15. b3 Nb6 16. a4 b4 17. a5 Nd7 18. Nbd2 Bb7 19. Nc4 Nc8 20. Qd2 f6 21. Nh2 Qe7
22. f4 Na7 23. Rae1 Nb5 24. Bd1 Rae8 25. Bg4 Nd4 26. Re3 h5 27. Bd1 f5 28. exf5
Qf6 29. Re6 Nxe6 30. fxe6 Nb8 31. Nxd6 Re7 32. f5 gxf5 33. Nxf5+ Qxf5 34. Rxf5
Rxf5 35. Bf3 Re8 36. Be4 Rff8 37. e7 1-0

[Event "RA Winter op"]
[Site "Ottawa CAN"]
[Date "2024.01.19"]
[Round "1.2"]
[White "Chiku-Ratte, Olivier-Kenta"]
[Black "Rousskikh, Maxim"]
[Result "1-0"]
[WhiteElo "2448"]
[BlackElo "2070"]
[PlyCount "91"]
[EventDate "2024.01.19"]
[EventType "swiss"]
[EventRounds "5"]
[EventCountry "CAN"]

1. d4 d5 2. c4 c6 3. Nf3 Nf6 4. Qb3 dxc4 5. Qxc4 Bf5 6. g3 e6 7. Bg2 Be7 8. O-O
O-O 9. Rd1 h6 10. e3 Nbd7 11. Qe2 Qb6 12. Nc3 Rfd8 13. h3 Ne4 14. Ne1 Nef6 15.
e4 Bg6 16. a3 c5 17. e5 Nd5 18. Bxd5 cxd4 19. Na4 Qa5 20. Bb3 Qxe5 21. Qxe5
Nxe5 22. Bf4 Nc6 23. Rac1 Rac8 24. Ba2 b6 25. b4 e5 26. Bd2 Kh7 27. Bc4 Bd6 28.
Ba6 Rc7 29. Nb2 Nb8 30. Rxc7 Bxc7 31. Bb7 b5 32. Rc1 Bb6 33. Rc8 Rxc8 34. Bxc8
e4 35. Bf4 Nc6 36. Bd7 Ne7 37. Bxb5 Nd5 38. Ng2 f5 39. Bc4 Nc3 40. Be6 Bd8 41.
Be5 Ne2+ 42. Kf1 d3 43. Nf4 Nxf4 44. Bxf4 Bf6 45. Nc4 Bc3 46. Ne3 1-0

[Event "RA Winter op"]
[Site "Ottawa CAN"]
[Date "2024.01.20"]
[Round "2.2"]
[White "Wiebe, Isaac"]
[Black "Chiku-Ratte, Olivier-Kenta"]
[Result "0-1"]
[WhiteElo "2231"]
[BlackElo "2448"]
[PlyCount "90"]
[EventDate "2024.01.19"]
[EventType "swiss"]
[EventRounds "5"]
[EventCountry "CAN"]

1. Nf3 Nf6 2. c4 g6 3. Nc3 Bg7 4. e4 d6 5. d4 O-O 6. Be2 e5 7. d5 Na6 8. Bg5 h6
9. Be3 Nh5 10. g3 Nf6 11. Nd2 Nh7 12. O-O f5 13. f3 f4 14. Bf2 Ng5 15. g4 Nh3+
16. Kg2 Nxf2 17. Rxf2 Qh4 18. Rf1 Qe7 19. Rb1 h5 20. h3 Kf7 21. Rh1 Rh8 22. Qe1
Bf6 23. b4 Bh4 24. Qg1 Nb8 25. c5 a6 26. Nc4 Nd7 27. Na4 Nf6 28. cxd6 cxd6 29.
Qb6 Ne8 30. Rbc1 Bg3 31. Nc3 Kf6 32. a4 Rh7 33. a5 Kg5 34. b5 axb5 35. Nxb5 Ra6
36. Qg1 Bd7 37. Rb1 hxg4 38. hxg4 Rxh1 39. Qxh1 Nf6 40. Nc7 Ra7 41. Qh8 Bxg4
42. Nb5 Ra8 43. Qxa8 Bh3+ 44. Kg1 Qh7 45. Qa7 Bd7 0-1

[Event "RA Winter op"]
[Site "Ottawa CAN"]
[Date "2024.01.20"]
[Round "3.2"]
[White "Chiku-Ratte, Olivier-Kenta"]
[Black "Duong, Thanh Nha"]
[Result "1/2-1/2"]
[WhiteElo "2448"]
[BlackElo "2232"]
[PlyCount "171"]
[EventDate "2024.01.19"]
[EventType "swiss"]
[EventRounds "5"]
[EventCountry "CAN"]

1. d4 Nf6 2. c4 e6 3. Nf3 d5 4. Nc3 Bb4 5. Bg5 h6 6. Bxf6 Qxf6 7. e3 O-O 8. Rc1
a6 9. a3 Bxc3+ 10. Rxc3 c6 11. Qc2 Nd7 12. cxd5 exd5 13. Bd3 Qd6 14. O-O Nf6
15. Ne5 Ng4 16. Nxg4 Bxg4 17. Rb3 Qd7 18. f3 Be6 19. Qf2 Rae8 20. Rc1 Re7 21.
Rbc3 Bf5 22. Bf1 Rfe8 23. b4 Qd6 24. Re1 Re6 25. Rb3 Bg6 26. a4 f5 27. g3 h5
28. h4 Bh7 29. f4 b5 30. axb5 axb5 31. Ra1 Qe7 32. Raa3 Kh8 33. Be2 Bg6 34. Bf3
Kh7 35. Qc2 Qb7 36. Qa2 R8e7 37. Kf2 Qd7 38. Ra8 Re8 39. Ra7 Qd6 40. Qa5 R8e7
41. Ra6 Rc7 42. Rc3 Ree7 43. Rc5 Qe6 44. Qa3 Qd7 45. Rc1 Be8 46. Ra1 g6 47. Qc3
Kh6 48. Qc5 Qe6 49. R1a3 Qd7 50. Ra8 Qe6 51. Rb8 Kg7 52. Rd8 Rcd7 53. Rc8 Rc7
54. Rb8 Rb7 55. Rba8 Rbc7 56. R8a6 Qd7 57. Qb6 Rb7 58. Qc5 Rc7 59. Qc1 Qd6 60.
Qb2 Qe6 61. Ra8 Rc8 62. R8a5 Rcc7 63. Qc3 Qd7 64. Ra8 Rb7 65. Qc5 Rc7 66. Ra1
Qe6 67. R8a3 Qd7 68. Qb6 Rb7 69. Qc5 Rc7 70. Rc1 Qe6 71. Rac3 Ra7 72. R1c2 Ra6
73. Rb3 Rea7 74. Qc3 Qe7 75. Be2 Ra1 76. Bf3 R7a4 77. Be2 Qa7 78. Bf3 R4a3 79.
Rcb2 Qa4 80. Rxa3 Qxa3 81. Qxa3 Rxa3 82. Bd1 Kf6 83. Bb3 Ke7 84. Rb1 Kd6 85.
Ke2 Bd7 86. Kf2 1/2-1/2

[Event "RA Winter op"]
[Site "Ottawa CAN"]
[Date "2024.01.21"]
[Round "4.1"]
[White "Sambuev, Bator"]
[Black "Chiku-Ratte, Olivier-Kenta"]
[Result "1/2-1/2"]
[WhiteElo "2576"]
[BlackElo "2448"]
[PlyCount "90"]
[EventDate "2024.01.19"]
[EventType "swiss"]
[EventRounds "5"]
[EventCountry "CAN"]

1. d4 d5 2. c4 dxc4 3. e4 b5 4. a4 c6 5. axb5 cxb5 6. Nc3 Qb6 7. Be3 e6 8. d5
Bc5 9. Bxc5 Qxc5 10. Nf3 Nf6 11. Qd4 Qb4 12. Be2 O-O 13. O-O a6 14. Rfd1 h6 15.
Ne5 exd5 16. exd5 Nbd7 17. Nc6 Qc5 18. Qxc5 Nxc5 19. Nxb5 Bg4 20. Nc3 Bxe2 21.
Nxe2 Nd3 22. Nc3 Nxb2 23. Rdb1 Nd3 24. Ra4 Rfe8 25. Rxc4 Ne5 26. Rc5 Nxc6 27.
dxc6 Ne4 28. Nxe4 Rxe4 29. f3 Re7 30. Ra5 Rc7 31. Rb6 Kf8 32. Kf2 Ke7 33. Ke3
Kd6 34. Raxa6 Rxa6 35. Rxa6 Rxc6 36. Rxc6+ Kxc6 37. Ke4 Kd6 38. Kf5 Kd5 39. h4
Kd4 40. g4 Ke3 41. f4 Kf3 42. h5 g6+ 43. hxg6 fxg6+ 44. Kxg6 Kxf4 45. Kxh6 Kxg4
1/2-1/2

[Event "RA Winter op"]
[Site "Ottawa CAN"]
[Date "2024.01.21"]
[Round "5.3"]
[White "Chiku-Ratte, Olivier-Kenta"]
[Black "Moses, Neil"]
[Result "1-0"]
[WhiteElo "2448"]
[BlackElo "2146"]
[PlyCount "65"]
[EventDate "2024.01.19"]
[EventType "swiss"]
[EventRounds "5"]
[EventCountry "CAN"]

1. d4 Nf6 2. c4 e6 3. Nc3 d5 4. cxd5 exd5 5. Bg5 Be7 6. e3 c6 7. Bd3 Nbd7 8.
Qc2 O-O 9. Nge2 Re8 10. O-O Nf8 11. Rab1 h6 12. Bh4 a5 13. f3 Ne6 14. Rbd1 Bd7
15. Bf2 Rc8 16. Qb1 Kh8 17. Kh1 c5 18. dxc5 Bxc5 19. Bf5 Nc7 20. Nd4 Bxf5 21.
Nxf5 Qd7 22. Bh4 Bxe3 23. Bxf6 gxf6 24. Qd3 Bf4 25. g3 Be5 26. Nxh6 Rcd8 27.
Nf5 Bxc3 28. bxc3 Re5 29. g4 Qe8 30. Qd2 Qf8 31. Qf2 Ne8 32. f4 Re4 33. Rd3 1-0